A tale of two cities / (Record no. 143685)

MARC details
000 -LEADER
fixed length control field 00557nam a22001937a 4500
005 - DATE AND TIME OF LATEST TRANSACTION
control field 20170823111835.0
010 ## - LCCN (DPL NO)
LC control number ENG-119983
020 ## - INTERNATIONAL STANDARD BOOK NUMBER
International Standard Book Number 9788123429045
Terms of availability 55.00
035 ## - SYSTEM CONTROL NUMBER
System control number EN-103515
037 ## - SOURCE OF ACQUISITION
Source of stock number/acquisition DBAD/PUB
082 ## - DEWEY DECIMAL CLASSIFICATION NUMBER
Classification number S
100 ## - MAIN ENTRY--PERSONAL NAME
Personal name Dickens, Charles
245 ## - TITLE STATEMENT
Title A tale of two cities /
Statement of responsibility, etc by Charles Dickens ; Retold by D. Thomas
260 ## - PUBLICATION, DISTRIBUTION, ETC. (IMPRINT)
Place of publication, distribution, etc Chennai
Name of publisher, distributor, etc New Century Book House
Date of publication, distribution, etc 2016
270 ## - ADDRESS
Address 41-B, SIDCO Industrial Estate, Ambattur
City Chennai
Postal code 600098
300 ## - PHYSICAL DESCRIPTION
Extent v,64p.
Dimensions 21cm(pbk)
700 ## - ADDED ENTRY--PERSONAL NAME
Personal name Thomas, D.
942 ## - ADDED ENTRY ELEMENTS (KOHA)
Source of classification or shelving scheme Dewey Decimal Classification
Item type English Books
Classification part S
Call number suffix DIC
Holdings
Withdrawn status Lost status Not for loan Collection code Home library Current library Date acquired Source of acquisition Cost, normal purchase price Full call number Barcode Copy number Cost, replacement price Koha item type
      Fiction Katevara Katevara 23/08/2017 DBAD/PUB 55.00 S DIC EN-103515 1 55.00 English Books

© Delhi Public Library
Hit Counter
free hit counter